000
00310nam a22001217a 4500
008
131213b xxu||||| |||| 00| 0 eng d
050
_a
BX2015.A4.S45
245
_a
Muteuro weMisa
246
_a
The Order of Mass
260
_a
Gweru
_b
Mambo Press
_c
[n.d.]
300
_a
331p.;
_c
22cm.
942
_2
lcc
_c
MONOGRAPH
999
_c
119246
_d
119246